Normal view MARC view

Entry Personal Name

Number of records used in: 7

001 - CONTROL NUMBER

  • control field: 23040

003 - CONTROL NUMBER IDENTIFIER

  • control field: dpl

005 - DATE AND TIME OF LATEST TRANSACTION

  • control field: 20101006145807.0

008 - FIXED-LENGTH DATA ELEMENTS

  • fixed length control field: 101006|||a|||||| | ||| d

040 ## - CATALOGING SOURCE

  • Original cataloging agency: dpl
  • Transcribing agency: dpl

100 ## - HEADING--PERSONAL NAME

  • Personal name: रणेन्द्र

670 ## - SOURCE DATA FOUND

  • Source citation: Work cat.: (dpl)33886: रणेन्द्र, ग्लोबल गाँव के देवता /, 2009

670 ## - SOURCE DATA FOUND

  • Source citation: Work cat.: (dpl)33886: रणेन्द्र, ग्लोबल गाँव के देवता /, 2009

© Delhi Public Library
Hit Counter
free hit counter